Responses for Show #9015 - Friday, January 12, 2024

2023-2024 Second Chance competition week 4, final game 1.

Contestants

[<< previous game]

Rotimi Kukoyi, a sophomore health policy and management major at the University of North Carolina at Chapel Hill from Hoover, Alabama

Long Nguyen, a retired engineer from Las Vegas, Nevada

Roy Camara, a grocery specialist from Crawfordville, Florida

[next game >>]

Jeopardy! Round responses

AN "A" IN SCIENCE
DOUBLE TALK GEOGRAPHY
A FASHIONABLE CATEGORY
TELEVISION
ANAGRAMS
UFOs
    $200 28
asbestos

Roy
    $200 30
Antarctica

Long
    $200 29
business casual

Rotimi
    $200 26
(Ken: It's a spoiler for [*].)

The Sopranos

Triple Stumper
    $200 25
telescope

Long
    $200 22
(Roy: What is Texas?)

New Mexico

RoyLong
    $400 15
angina

Roy
    $400 10
Wawa

Roy
    $400 27
Yves Saint Laurent

Rotimi
    $400 23
David Duchovny

Roy
    $400 24
(Roy: What is... no.)

Argentina

RoyRotimi
    $400 21
Crop Circle

Long
    $600 2
Apgar

Roy
    $600 9
Baden-Baden

Rotimi
    $600 19
(Roy: What is prêt-à-porter?)

haute couture

RoyLong
    $600 18
Moonlighting

Long
    $600 16
vegetarian

Roy
    $600 20
Blink-182

Triple Stumper
    $800 1
the adrenal glands

Roy
    $800 8
(Long: What is Samoa?)
(Ken: Can you be more specific?)

American Samoa

Long
    $800 17
(Ken: Got the wrong crowd of contestants for this...)

a kitten heel

Triple Stumper
    $800 12
The Good Fight

Triple Stumper
    $800 13
Deuteronomy

Roy
    $800 14
Area 51

Rotimi
    $1,400 3
an angstrom

Roy
    $1000 7
Thailand

Rotimi
    $1000 11
(Long: What is Oxford?)
...
(Ken: [Touching his tie] I'm sporting one now, it's [*].)

a Windsor knot

Long
Triple Stumper
    $1000 4
(Long: Who is... McElhenney?)

Danny DeVito

RoyLong
    $1000 5
Neanderthal

Roy
    $1000 6
(Roy: What is the Roswell Project?)
(Long: What is... Majestic 13?)

Project Blue Book

RoyLong
Triple Stumper

Scores at the first commercial break (after clue 15):

Roy Long Rotimi
$5,400 -$2,200 $2,400

Scores at the end of the Jeopardy! Round:

Roy Long Rotimi
$5,400 $0 $3,400

Double Jeopardy! Round responses

HISTORIC AMERICAN WOMEN
BOOK TITLES
FLAGS
PODCASTS
A SEASONED FILM
WE HAVE OXY, GIVE US THE MORON
(Ken: You'll need to supply the second part of each oxymoron.)
    $400 23
(Dolley) Madison

Long
    $400 24
Twenty Thousand Leagues Under the Sea

Roy
    $400 27
an anchor

Long
    $400 28
(Anderson) Cooper

Long
    $400 29
(Long: What is, uh... I don't know.)

The Winter Soldier

LongRotimi
    $400 30
Funny

Roy
    $10,600 13
(Roy: Who is... Borden?)
(Ken: No, good guess, but it's [*], taking her hatchet to bars.)

Carrie Nation

Roy
    $9,200 22
(Ken: Long?)

East of Eden

Long
    $800 16
a square

Roy
    $800 25
Doughboys

Roy
    $800 18
500 Days of Summer

Long
    $800 26
(Long: What is... dove?)
(Roy: What is hippie?)

pacifist

RoyLongRotimi
    $1200 6
Social Security

Roy
    $1200 5
Brave New World

Roy
    $1200 7
(Tommy) Hilfiger

Long
    $1200 20
Theranos

Long
    $1200 12
Springtime for Hitler

Roy
    $1200 21
much

Triple Stumper
    $1600 2
Sojourner Truth

Rotimi
    $1600 4
Guns, Germs and Steel

Roy
    $1600 1
(Rotimi: What is Lux y Veritas?)

Lux et Veritas

RoyRotimi
    $1600 19
Angela Kinsey or Jenna Fischer

Triple Stumper
    $1600 10
(Roy: What is Do the Right Thing?)

Summer of Sam

Roy
Triple Stumper
    $1600 17
Residence

Triple Stumper
    $2000 3
(Molly) Brown

Long
    $2000 9
The Fire Next Time

Long
    $2000 8
the Union Jack

Long
    $2000 14
maintenance phase

Triple Stumper
    $2000 11
Spring Breakers

Triple Stumper
    $2000 15
visible

Triple Stumper

Scores at the end of the Double Jeopardy! Round:

Roy Long Rotimi
$1,600 $18,400 $4,600

Final Jeopardy! Round responses

RIVERS
(Ken: [To Long] Yes, Amsterdam, capital of the Netherlands, named for a dam, or dike, on [*].)
RoyWhat is the Seine?
$1,600
RotimiWhat is the Volga?
$4,600
LongWhat is The Amstel River?
$18,400
the Amstel River

Final scores:

Roy Long Rotimi
$0 $36,800 $0

Game dynamics:

Coryat scores:

Roy Long Rotimi
$11,800 $10,000 $4,600
20 R
(including 1 DD),
7 W
(including 1 DD)
17 R
(including 1 DD),
5 W
9 R,
1 W

Combined Coryat: $26,400

[game clues] [game scores] [suggest correction]

Game tape date: 2023-12-06
The J! Archive is created by fans, for fans. Scraping, republication, monetization, and malicious use prohibited; this site may use cookies and collect identifying information. See terms. The Jeopardy! game show and all elements thereof, including but not limited to copyright and trademark thereto, are the property of Jeopardy Productions, Inc. and are protected under law. This website is not affiliated with, sponsored by, or operated by Jeopardy Productions, Inc. Join the discussion at JBoard.tv.